000 01333nam0a22003371 4500
001 RU\NLR\INFOCOMM_161\5000084338
005 20250613100219.0
035 _a(NLR Aleph) 009333337
090 _a9467134
_c9467134
100 _a20101015d1979 |||y0rusy50 ca
101 0 _aeng
_drus
102 _aRU
105 _ay ||||000|y
200 1 _aApplication of a functional analog of the variational principle of N. N. Bogolubov to the φ⁴ model
_fV. K. Fedyanin, B. V. Mochinsky, C. Rodriguez
210 _aДубна
_cОИЯИ
_d1979
215 _a9 с.
_d21 см
225 1 _aСообщения Объединенного института ядерных исследований
_vЕ17-12852
300 _aРез. на рус. яз.
320 _aБиблиогр.: с. 9
606 _aФазовые превращения (термодин.)
_xСтатистическая теория
_xВариационные методы
_2nlr_sh1
686 _aВ317.24
_2rubbk
700 1 _9z09790
_aFedjanin
_bV. K.
_gVladimir Konstantinovič
_4070
701 1 _9z10790
_aMoščinskij
_bB. V.
_4070
701 1 _aRodriguez
_bC.
_4070
790 1 _9z09700
_aFedyanin
_bV. K.
_4070
790 1 _9z10701
_aMochinsky
_bB. V.
_4070
801 1 _aRU
_bNLR
_c20101015
801 0 _aRU
_bNLR
_gPSBO
852 _aNLR
_jП11/2061
942 _cBOOK
980 _aNB